000 00299nam a2200157Ia 4500
100 _aRobbins/Arnold
250 _a3
942 _cBK
654 _aunix
245 _aUNIX in a nutshell
260 _bOreilly
_c1999
082 _a5.133
_bROB
300 _a599
546 _aENGLISH
999 _c23743
_d23743